000 00777nam a2200229Ia 4500
003 GCL
008 140319s9999 xx 000 0 ara d
040 _aGCL /
_cGCL
082 0 4 _a342.64
_bع ت
100 1 _aعبدالباسط جميعى
245 1 0 _aالتعليق على قانون المسطرة المدنية المغربى فى ضوء الفقة والقضاء /
_cعبدالباسط جميعى
700 1 _aسعيد الفكهانى
700 1 _aعبدالسلام بنانى
700 1 _aالعباسى الصاوى
260 _a[S.N] :
_bالدار العربية للموسوعات ،
_c1993
300 _a2 جزء
490 _a
650 0 4 _aالقانون
650 0 4 _aالمغرب
650 0 4 _aالقانون المدنى
942 _2ddc
_cBK
999 _c27782
_d27782